Normal view
MARC view
Entry Personal Name
001 - CONTROL NUMBER
- control field: 52698
003 - CONTROL NUMBER IDENTIFIER
- control field: dpl
005 - DATE AND TIME OF LATEST TRANSACTION
- control field: 20120927160158.0
008 - FIXED-LENGTH DATA ELEMENTS
- fixed length control field: 120927|||a|||||| | ||| d
040 ## - CATALOGING SOURCE
- Original cataloging agency: dpl
- Transcribing agency: dpl
100 ## - HEADING--PERSONAL NAME
- Personal name: نو ر من و نسنٹ پيل
670 ## - SOURCE DATA FOUND
- Source citation: Work cat.: (dpl): نو ر من و نسنٹ پيل, نئ ز ند گی کا آغا ز کيجۓ, 2011
670 ## - SOURCE DATA FOUND
- Source citation: Work cat.: (dpl): نو ر من و نسنٹ پيل, نئ ز ند گی کا آغا ز کيجۓ, 2011
